[Event "Malakhatko Memorial op"]
[Site "Chess.com INT"]
[Date "2023.06.14"]
[Round "6"]
[White "Kazakov, Maksym"]
[Black "Korol, Vadim"]
[Result "1-0"]
[WhiteElo "2032"]
[BlackElo "1892"]
[PlyCount "85"]
[EventDate "2023.06.14"]
[EventType "swiss (blitz)"]
[EventRounds "11"]
[EventCountry "USA"]
[SourceTitle "CBM 214 Extra"]
[Source "ChessBase"]
[SourceDate "2023.07.31"]
[SourceVersion "1"]
[SourceVersionDate "2023.07.31"]
[SourceQuality "1"]

1. c4 e5 2. g3 Nc6 3. Bg2 Bc5 4. e3 Bb6 5. Ne2 d6 6. d4 f5 7. 0-0 Nf6 8. c5 dxc5 9. Bxc6+ bxc6 10. dxe5 Qxd1 11. Rxd1 Ng4 12. f4 c4 13. Nd4 0-0 14. h3 Nh6 15. Na3 c3 16. bxc3 c5 17. Nf3 Ba6 18. Ng5 Rfd8 19. Bb2 Be2 20. Rxd8+ Rxd8 21. c4 Ba5 22. Rc1 Rd2 23. Bc3 Bxc3 24. Rxc3 Rxa2 25. Nb5 c6 26. Nc7 a5 27. e6 Kf8 28. Rb3 Bxc4 29. Rb7 Bxe6 30. Ncxe6+ Ke8 31. Nxg7+ Kd8 32. N7e6+ Kc8 33. Rxh7 a4 34. Rxh6 a3 35. Nxc5 Ra1+ 36. Kg2 Kc7 37. Rh7+ Kb6 38. Nge6 a2 39. Rb7+ Ka5 40. Ra7+ Kb5 41. Nb3 Rb1 42. Ned4+ Kc4 43. Rxa2 1-0